[Event "Bled op-B"]
[Site "Bled"]
[Date "1995.??.??"]
[Round "7"]
[White "Groselj, Petra"]
[Black "Prestrl, Radislav"]
[Result "1-0"]
[WhiteElo "2025"]
[BlackElo "1880"]
[PlyCount "45"]
[EventDate "1995.03.??"]
[EventType "swiss"]
[EventRounds "9"]
[EventCountry "SLO"]
[SourceTitle "EXT 1997"]
[Source "ChessBase"]
[SourceDate "1996.11.15"]
[SourceVersion "1"]
[SourceVersionDate "1996.11.15"]
[SourceQuality "1"]

1. e4 c5 2. Nf3 d6 3. d4 cxd4 4. Nxd4 g6 5. Nc3 a6 6. Be3 Bg7 7. Be2 Nf6 8. 0-0 0-0 9. f4 e5 10. Nb3 Be6 11. f5 Bxb3 12. axb3 Qc7 13. Bc4 Nc6 14. fxg6 hxg6 15. Rxf6 Bxf6 16. Nd5 Qd8 17. Bb6 Qc8 18. Nxf6+ Kg7 19. Qf3 Nd4 20. Bxd4 exd4 21. Qf2 b5 22. Bd5 Ra7 23. b4 1-0

[Event "SLO-chT qual"]
[Site "Kranj"]
[Date "1995.??.??"]
[Round "?"]
[White "Rakovec, Anton"]
[Black "Prestrl, Radislav"]
[Result "1-0"]
[WhiteElo "2150"]
[BlackElo "1945"]
[PlyCount "53"]
[EventDate "1995.??.??"]
[EventType "team"]
[EventRounds "4"]
[EventCountry "SLO"]
[SourceTitle "EXT 1998"]
[Source "ChessBase"]
[SourceDate "1997.11.17"]
[SourceVersion "1"]
[SourceVersionDate "1997.11.17"]
[SourceQuality "1"]

1. e4 d6 2. d4 g6 3. Nc3 c6 4. a4 a5 5. Be3 Qc7 6. Be2 Nf6 7. h3 Bg7 8. Nf3 0-0 9. 0-0 Na6 10. Qd2 Re8 11. Bc4 Nb4 12. Bb3 b6 13. Bh6 Bh8 14. Ng5 e6 15. f4 d5 16. e5 Nh5 17. g4 Ng7 18. Ne2 c5 19. c3 Nc6 20. f5 gxf5 21. gxf5 Nxf5 22. Rxf5 exf5 23. Nf4 Ne7 24. Qg2 Ng6 25. Nxg6 hxg6 26. Bxd5 Be6 27. Nxe6 1-0